Ալպիական մանուշակ : (Record no. 93586)
[ view plain ]
| 000 -LEADER | |
|---|---|
| fixed length control field | 00770nam a2200193 a 4500 |
| 001 - CONTROL NUMBER | |
| control field | 000259214 |
| 003 - CONTROL NUMBER IDENTIFIER | |
| control field | AM-YEHGA |
| 005 - DATE AND TIME OF LATEST TRANSACTION | |
| control field | 20260129132609.0 |
| 008 - FIXED-LENGTH DATA ELEMENTS--GENERAL INFORMATION | |
| fixed length control field | 030908s1969 ai |||||||||||000|||arm d |
| 040 ## - CATALOGING SOURCE | |
| Original cataloging agency | AM-YEHGA |
| 041 0# - LANGUAGE CODE | |
| Language code of text/sound track or separate title | arm |
| 100 1# - MAIN ENTRY--PERSONAL NAME | |
| Personal name | Բակունց, Ակսել, |
| Dates associated with a name | 1899-1937 |
| 9 (RLIN) | 961 |
| 245 10 - TITLE STATEMENT | |
| Title | Ալպիական մանուշակ : |
| Remainder of title | [Պատմվածքներ] / |
| Statement of responsibility, etc. | Ա. Բակունց ; Կազմ. և խմբ.՝ Ս.Հ. Ումառյան ; Նկ.՝ Լ. Մանասերյան. |
| 260 ## - PUBLICATION, DISTRIBUTION, ETC. | |
| Place of publication, distribution, etc. | Երևան : |
| Name of publisher, distributor, etc. | Հայաստան, |
| Date of publication, distribution, etc. | 1969. |
| 300 ## - PHYSICAL DESCRIPTION | |
| Extent | 255 էջ ; |
| Dimensions | 20 սմ. |
| 650 14 - SUBJECT ADDED ENTRY--TOPICAL TERM | |
| Topical term or geographic name entry element | Հայ գրականություն |
| General subdivision | Պատմվածք |
| 700 1# - ADDED ENTRY--PERSONAL NAME | |
| Personal name | Ումառյան, Սերգեյ Հովհաննեսի, |
| Dates associated with a name | 1920-1995 |
| Relator term | կազմ. |
| Relationship | com |
| Relator term | խմբ. |
| Relationship | edt |
| 9 (RLIN) | 2472 |
| 942 ## - ADDED ENTRY ELEMENTS (KOHA) | |
| Source of classification or shelving scheme | Universal Decimal Classification |
| Koha item type | Գրքեր / Books |
| Withdrawn status | Lost status | Damaged status | Not for loan | Collection | Home library | Current library | Date acquired | Total checkouts | Full call number | Barcode | Date last seen | Copy number | Price effective from | Koha item type | Public note | Source of classification or shelving scheme |
|---|---|---|---|---|---|---|---|---|---|---|---|---|---|---|---|---|
| General | Fundamental Scientific Library | Fundamental Scientific Library | 22/12/2016 | AII/44086 | FL0181015 | 22/12/2016 | 891.981 | 22/12/2016 | Գրքեր / Books | 30 Days Loan | ||||||
| General | Fundamental Scientific Library | Fundamental Scientific Library | 22/12/2016 | AII/44087 | 220044087 | 22/12/2016 | 22/12/2016 | Գրքեր / Books | 30 Days Loan | |||||||
| Gharibyan individual Collection | Fundamental Scientific Library | Fundamental Scientific Library | 21/10/2025 | Ղար/495 | FL0697083 | 21/10/2025 | 21/10/2025 | Գրքեր / Books | ILL Non-Circ. | Universal Decimal Classification |
ՀՀ Գիտությունների ազգային ակադեմիայի հիմնարար գիտական գրադարան = Fundamental Scientific Library of NAS RA
All site content, except where otherwise noted, is licensed under a